Loading...
| Religion | 0 | 9 | 0 | 0 | 90 | 60 | 95.33 | 3 | 8 | 0.00 | 0.00 |
| Social Science | 0 | 9 | 1 | 2 | 85 | 72 | 96.78 | 4 | 9 | 0.00 | 0.00 |
| History - European | 0 | 8 | 1 | 1 | 75 | 29 | 85.50 | 4 | 6 | 0.00 | 0.00 |
| History - Other | 0 | 6 | 1 | 1 | 55 | 68 | 88.67 | 2 | 4 | 0.00 | 0.00 |
| Literature - American | 0 | 5 | 1 | 0 | 45 | 44 | 90.20 | 3 | 5 | 0.00 | 0.00 |
| History - American | 0 | 5 | 1 | 0 | 45 | 41 | 86.20 | 2 | 4 | 0.00 | 0.00 |
| Literature - British | 0 | 4 | 0 | 0 | 40 | 85 | 110.50 | 1 | 3 | 0.00 | 0.00 |
| Mythology | 0 | 4 | 0 | 1 | 40 | 114 | 133.75 | 1 | 2 | 0.00 | 0.00 |
| Literature - European | 0 | 3 | 0 | 1 | 30 | 89 | 109.33 | 1 | 3 | 0.00 | 0.00 |
| History - World | 0 | 5 | 5 | 1 | 25 | 65 | 92.40 | 4 | 5 | 0.00 | 0.00 |
| Geography | 0 | 2 | 0 | 0 | 20 | 66 | 77.50 | 1 | 2 | 0.00 | 0.00 |
| Literature - World | 0 | 2 | 0 | 1 | 20 | 137 | 141.00 | 2 | 2 | 0.00 | 0.00 |
| Fine Arts - Other | 0 | 1 | 0 | 0 | 10 | 38 | 38.00 | 1 | 1 | 0.00 | 0.00 |
| Other Academic | 0 | 1 | 0 | 0 | 10 | 135 | 135.00 | 0 | 0 | 0.00 | 0.00 |
| Philosophy | 0 | 1 | 0 | 0 | 10 | 89 | 89.00 | 1 | 1 | 0.00 | 0.00 |
| Pop Culture | 0 | 1 | 0 | 0 | 10 | 65 | 65.00 | 0 | 1 | 0.00 | 0.00 |
| Fine Arts - Painting and Sculpture | 0 | 1 | 0 | 0 | 10 | 93 | 93.00 | 0 | 1 | 0.00 | 0.00 |
| Fine Arts - Classical Music | 0 | 0 | 1 | 0 | -5 | 0.00 | 0 | 0 | 0.00 | 0.00 |